| 000 | 00427nam a22001577a 4500 | ||
|---|---|---|---|
| 003 | LK-CoDNM | ||
| 005 | 20240919100609.0 | ||
| 008 | 240815b |||||||| |||| 00| 0 eng d | ||
| 040 |
_aLK-CoDNM _dLK-CoDNM _eLK-CoDNM |
||
| 041 | _aeng | ||
| 080 | _bGP1886 | ||
| 245 |
_aThe legislative enactments of Ceylon -1986-1987 _bVolume 4 |
||
| 260 |
_aColombo _bGovernment printers _c1986 |
||
| 300 | _bxxi, 180p. ; 24 cm | ||
| 942 | _cBK | ||
| 999 |
_c147836 _d147836 |
||